| 000 | 00465nam a2200145 i 4500 | ||
|---|---|---|---|
| 001 | 63119 | ||
| 003 | ES-MaACL | ||
| 007 | t| | ||
| 008 | 031128s1967 sp ||||1| spa d | ||
| 100 | 1 |
_aFernández Romero, Andrés. _950044 |
|
| 245 | 1 | 0 |
_aMétodos de cálculo y control de la rentabilidad de las inversiones / _cAndrés Fernández Romero. |
| 260 |
_a[Barcelona] : _bSagitario, _c[1967] |
||
| 300 |
_a221 p. : _bil. ; _c22 cm. |
||
| 852 |
_aES-MaACL _jG-5062 _bR.62170 |
||
| 999 |
_c63119 _d63119 |
||